'E' in Europe Quiz Stats

 Plays Quiz Updated Jul 14, 2016

Also try: 'D' in Europe
Challenge
Share
Tweet
Embed
Score 0/16 Timer 05:00
89 Plays Today
Hint Answer % Correct
Which tower in Paris, France was built for the 1889 World's Fair?Eiffel Tower
98.5%
Which country is bordered by the Gulf of Finland, the Baltic Sea, Latvia, and Russia?Estonia
93.4%
What is the capital city of Scotland?Edinburgh
92.1%
What is the Spanish name for Spain?España
85.5%
Which mountain, found in Sicily, is the tallest active volcano in Europe?Etna
77.5%
What word, derived from a Gaelic goddess, is Irish for Ireland?Éire
69.6%
To which Mediterranean Island was Napoleon exiled in 1814-1815?Elba
61%
What body of water is known in France as 'la Manche'?English Channel
45.5%
Hint Answer % Correct
Which city in the Ruhr area in North Rhine-Westphalia, Germany is famous for its links to the Krupp family iron works? Essen
41.9%
Hamburg and Dresden stand on which river that rises in Czechia and flows to the North Sea?Elbe River
40.3%
Which historic city is the administrative centre of Devon, a county in England?Exeter
35.1%
Which area in England is chiefly associated with the counties of Norfolk and Suffolk?East Anglia
34%
Which city and municipality is located in North Brabant, a southern province of the Netherlands?Eindhoven
31.6%
Which mountain in Switzerland is known for its difficult to climb north face?Eiger
27.3%
Which palace in Paris is the official residence of the President of the French Republic? Élysée Palace
27%
What city in modern-day Turkey borders Greece and Bulgaria and served as the capital of the Ottoman Empire before Constantinople?Edirne
9.2%

You're not logged in!

Compare scores with friends on all Sporcle quizzes.
Join for Free
OR
Log In

You Might Also Like...

Show Comments

Extras

Top Quizzes Today


Score Distribution

Your Account Isn't Verified!

In order to create a playlist on Sporcle, you need to verify the email address you used during registration. Go to your Sporcle Settings to finish the process.

Report this User

Report this user for behavior that violates our Community Guidelines.

Details: